<?xml version="1.0" encoding="UTF-8"?>
<record
    xmlns:xsi="http://www.w3.org/2001/XMLSchema-instance"
    xsi:schemaLocation="http://www.loc.gov/MARC21/slim http://www.loc.gov/standards/marcxml/schema/MARC21slim.xsd"
    xmlns="http://www.loc.gov/MARC21/slim">

  <leader>02427    a2200289   4500</leader>
  <controlfield tag="008">090317t        xxu||||| |||| 00| 0 eng d</controlfield>
  <datafield tag="010" ind1=" " ind2=" ">
    <subfield code="a">B-288326-331</subfield>
  </datafield>
  <datafield tag="020" ind1=" " ind2=" ">
    <subfield code="a">8170282853</subfield>
    <subfield code="c">225.00</subfield>
  </datafield>
  <datafield tag="035" ind1=" " ind2=" ">
    <subfield code="a">B-288326-331</subfield>
  </datafield>
  <datafield tag="037" ind1=" " ind2=" ">
    <subfield code="b">&#x930;&#x93E;&#x91C;&#x92A;&#x93E;&#x932;  &#x90F;&#x923;&#x94D;&#x921;  &#x938;&#x928;&#x94D;&#x91C;</subfield>
  </datafield>
  <datafield tag="040" ind1=" " ind2=" ">
    <subfield code="a">dpl</subfield>
    <subfield code="b">HN</subfield>
  </datafield>
  <datafield tag="082" ind1=" " ind2=" ">
    <subfield code="a">921</subfield>
  </datafield>
  <datafield tag="100" ind1=" " ind2=" ">
    <subfield code="a">, &#x939;&#x930;&#x93F;&#x935;&#x902;&#x936;&#x930;&#x93E;&#x92F;   &#x92C;&#x91A;&#x94D;&#x91A;&#x928;</subfield>
  </datafield>
  <datafield tag="245" ind1=" " ind2=" ">
    <subfield code="a">&#x92C;&#x938;&#x947;&#x930;&#x947; &#x938;&#x947; &#x926;&#x942;&#x930; : &#x92D;&#x93E;-3 /</subfield>
    <subfield code="c">&#x939;&#x930;&#x93F;&#x935;&#x902;&#x936;&#x930;&#x93E;&#x92F;  &#x92C;&#x91A;&#x94D;&#x91A;&#x928;</subfield>
  </datafield>
  <datafield tag="260" ind1=" " ind2=" ">
    <subfield code="a">&#x926;&#x93F;&#x932;&#x94D;&#x932;&#x940;</subfield>
    <subfield code="b">&#x930;&#x93E;&#x91C;&#x92A;&#x93E;&#x932; &#x90F;&#x923;&#x94D;&#x921; &#x938;&#x928;&#x94D;&#x91C;&#x93C;</subfield>
    <subfield code="c">2005</subfield>
  </datafield>
  <datafield tag="270" ind1=" " ind2=" ">
    <subfield code="a">1590  &#x92E;&#x926;&#x930;&#x938;&#x93E; &#x930;&#x94B;&#x919;  &#x915;&#x936;&#x94D;&#x92E;&#x940;&#x930;&#x940; &#x917;&#x947;&#x91F;</subfield>
    <subfield code="b"> &#x926;&#x93F;&#x932;&#x94D;&#x932;&#x940;</subfield>
    <subfield code="e">110006</subfield>
  </datafield>
  <datafield tag="300" ind1=" " ind2=" ">
    <subfield code="a">205&#x92A;&#x943;</subfield>
    <subfield code="c">22&#x938;&#x947;&#x92E;&#x940; (&#x938;&#x91C;&#x93F;&#x932;&#x94D;&#x926;)</subfield>
  </datafield>
  <datafield tag="490" ind1=" " ind2=" ">
    <subfield code="v">4&#x92D;&#x93E;&#x917;</subfield>
  </datafield>
  <datafield tag="942" ind1=" " ind2=" ">
    <subfield code="a">dpl</subfield>
    <subfield code="c">HN</subfield>
    <subfield code="2">ddc</subfield>
    <subfield code="h">921</subfield>
    <subfield code="m">&#x92C;&#x91A;&#x94D;&#x91A;&#x928;</subfield>
  </datafield>
  <datafield tag="999" ind1=" " ind2=" ">
    <subfield code="c">12840</subfield>
    <subfield code="d">12840</subfield>
  </datafield>
  <datafield tag="952" ind1=" " ind2=" ">
    <subfield code="0">0</subfield>
    <subfield code="1">0</subfield>
    <subfield code="2">ddc</subfield>
    <subfield code="4">0</subfield>
    <subfield code="7">0</subfield>
    <subfield code="8">NFIC</subfield>
    <subfield code="a">L</subfield>
    <subfield code="b">L</subfield>
    <subfield code="d">2009-03-17</subfield>
    <subfield code="e">&#x930;&#x93E;&#x91C;&#x92A;&#x93E;&#x932;  &#x90F;&#x923;&#x94D;&#x921;  &#x938;&#x928;&#x94D;&#x91C;/987/10.9.08/415/4.9.08/16.9.08</subfield>
    <subfield code="g">225.00</subfield>
    <subfield code="l">0</subfield>
    <subfield code="o">921 &#x92C;&#x91A;&#x94D;&#x91A;&#x928;</subfield>
    <subfield code="p">B-288326</subfield>
    <subfield code="r">2009-03-17 00:00:00</subfield>
    <subfield code="t">1</subfield>
    <subfield code="v">225.00</subfield>
    <subfield code="w">2009-03-17</subfield>
    <subfield code="y">HN</subfield>
  </datafield>
  <datafield tag="952" ind1=" " ind2=" ">
    <subfield code="0">0</subfield>
    <subfield code="1">0</subfield>
    <subfield code="2">ddc</subfield>
    <subfield code="4">0</subfield>
    <subfield code="7">0</subfield>
    <subfield code="8">NFIC</subfield>
    <subfield code="a">BL1</subfield>
    <subfield code="b">BL1</subfield>
    <subfield code="d">2009-03-17</subfield>
    <subfield code="e">&#x930;&#x93E;&#x91C;&#x92A;&#x93E;&#x932;  &#x90F;&#x923;&#x94D;&#x921;  &#x938;&#x928;&#x94D;&#x91C;/987/10.9.08/415/4.9.08/16.9.08</subfield>
    <subfield code="g">225.00</subfield>
    <subfield code="l">0</subfield>
    <subfield code="o">921 &#x92C;&#x91A;&#x94D;&#x91A;&#x928;</subfield>
    <subfield code="p">B-288327</subfield>
    <subfield code="r">2009-03-17 00:00:00</subfield>
    <subfield code="t">1</subfield>
    <subfield code="v">225.00</subfield>
    <subfield code="w">2009-03-17</subfield>
    <subfield code="y">HN</subfield>
  </datafield>
  <datafield tag="952" ind1=" " ind2=" ">
    <subfield code="0">0</subfield>
    <subfield code="1">0</subfield>
    <subfield code="2">ddc</subfield>
    <subfield code="4">0</subfield>
    <subfield code="7">0</subfield>
    <subfield code="8">NFIC</subfield>
    <subfield code="a">ZLS</subfield>
    <subfield code="b">ZLS</subfield>
    <subfield code="d">2009-03-17</subfield>
    <subfield code="e">&#x930;&#x93E;&#x91C;&#x92A;&#x93E;&#x932;  &#x90F;&#x923;&#x94D;&#x921;  &#x938;&#x928;&#x94D;&#x91C;/987/10.9.08/415/4.9.08/16.9.08</subfield>
    <subfield code="g">225.00</subfield>
    <subfield code="l">0</subfield>
    <subfield code="o">921 &#x92C;&#x91A;&#x94D;&#x91A;&#x928;</subfield>
    <subfield code="p">B-288328</subfield>
    <subfield code="r">2009-03-17 00:00:00</subfield>
    <subfield code="t">1</subfield>
    <subfield code="v">225.00</subfield>
    <subfield code="w">2009-03-17</subfield>
    <subfield code="y">HN</subfield>
  </datafield>
  <datafield tag="952" ind1=" " ind2=" ">
    <subfield code="0">0</subfield>
    <subfield code="1">0</subfield>
    <subfield code="2">ddc</subfield>
    <subfield code="4">0</subfield>
    <subfield code="7">0</subfield>
    <subfield code="8">NFIC</subfield>
    <subfield code="a">VP</subfield>
    <subfield code="b">VP</subfield>
    <subfield code="d">2009-03-17</subfield>
    <subfield code="e">&#x930;&#x93E;&#x91C;&#x92A;&#x93E;&#x932;  &#x90F;&#x923;&#x94D;&#x921;  &#x938;&#x928;&#x94D;&#x91C;/987/10.9.08/415/4.9.08/16.9.08</subfield>
    <subfield code="g">225.00</subfield>
    <subfield code="l">4</subfield>
    <subfield code="m">1</subfield>
    <subfield code="o">921 &#x92C;&#x91A;&#x94D;&#x91A;&#x928;</subfield>
    <subfield code="p">B-288329</subfield>
    <subfield code="r">2019-11-28 00:00:00</subfield>
    <subfield code="s">2019-11-15</subfield>
    <subfield code="t">1</subfield>
    <subfield code="v">225.00</subfield>
    <subfield code="w">2009-03-17</subfield>
    <subfield code="y">HN</subfield>
  </datafield>
  <datafield tag="952" ind1=" " ind2=" ">
    <subfield code="0">0</subfield>
    <subfield code="1">0</subfield>
    <subfield code="2">ddc</subfield>
    <subfield code="4">0</subfield>
    <subfield code="7">0</subfield>
    <subfield code="8">NFIC</subfield>
    <subfield code="a">BN</subfield>
    <subfield code="b">BN</subfield>
    <subfield code="d">2009-03-17</subfield>
    <subfield code="e">&#x930;&#x93E;&#x91C;&#x92A;&#x93E;&#x932;  &#x90F;&#x923;&#x94D;&#x921;  &#x938;&#x928;&#x94D;&#x91C;/987/10.9.08/415/4.9.08/16.9.08</subfield>
    <subfield code="g">225.00</subfield>
    <subfield code="l">1</subfield>
    <subfield code="o">921 &#x92C;&#x91A;&#x94D;&#x91A;&#x928;</subfield>
    <subfield code="p">B-288330</subfield>
    <subfield code="r">2026-04-23 10:27:47</subfield>
    <subfield code="s">2026-04-06</subfield>
    <subfield code="t">1</subfield>
    <subfield code="v">225.00</subfield>
    <subfield code="w">2009-03-17</subfield>
    <subfield code="y">HN</subfield>
  </datafield>
  <datafield tag="952" ind1=" " ind2=" ">
    <subfield code="0">0</subfield>
    <subfield code="1">0</subfield>
    <subfield code="2">ddc</subfield>
    <subfield code="4">0</subfield>
    <subfield code="7">0</subfield>
    <subfield code="8">NFIC</subfield>
    <subfield code="a">BL4</subfield>
    <subfield code="b">BL4</subfield>
    <subfield code="d">2009-03-17</subfield>
    <subfield code="e">&#x930;&#x93E;&#x91C;&#x92A;&#x93E;&#x932;  &#x90F;&#x923;&#x94D;&#x921;  &#x938;&#x928;&#x94D;&#x91C;/987/10.9.08/415/4.9.08/16.9.08</subfield>
    <subfield code="g">225.00</subfield>
    <subfield code="l">0</subfield>
    <subfield code="o">921 &#x92C;&#x91A;&#x94D;&#x91A;&#x928;</subfield>
    <subfield code="p">B-288331</subfield>
    <subfield code="r">2009-03-17 00:00:00</subfield>
    <subfield code="t">1</subfield>
    <subfield code="v">225.00</subfield>
    <subfield code="w">2009-03-17</subfield>
    <subfield code="y">HN</subfield>
  </datafield>
</record>
